[Event "Athens PAO CC-ch 16th"]
[Site "Athens"]
[Date "2024.03.01"]
[Round "7"]
[White "Kalonomos, Konstantinos"]
[Black "Stavropoulos, Simeon"]
[Result "0-1"]
[WhiteElo "810"]
[BlackElo "1130"]
[PlyCount "66"]
[EventDate "2024.01.19"]
[EventType "swiss"]
[EventRounds "7"]
[EventCountry "GRE"]
[SourceTitle "CB16_2024"]
[SourceDate "2024.04.17"]
[SourceVersion "1"]
[SourceVersionDate "2024.04.17"]
[SourceQuality "1"]

1. d4 d5 2. Nf3 c5 3. b3 Nc6 4. a3 cxd4 5. Nxd4 Nxd4 6. Qxd4 Nf6 7. Bb2 e6 8. e3 Be7 9. Nc3 0-0 10. 0-0-0 Qa5 11. b4 Qc7 12. Bd3 a6 13. Ne2 a5 14. b5 Bc5 15. Qc3 Qe7 16. a4 b6 17. Nd4 Bb7 18. h3 Rac8 19. Qb3 Rc7 20. Kb1 Rfc8 21. Rc1 Bb4 22. Rhd1 Nd7 23. c4 Nc5 24. Qa2 Nxd3 25. Rxd3 dxc4 26. Rdd1 c3 27. Ba1 Be4+ 28. Nc2 Ba3 29. Rg1 Bxc1 30. Rxc1 Qb4+ 31. Bb2 Qxb2+ 32. Qxb2 cxb2 33. Kxb2 Rxc2+ 0-1